| 000 | 00487nam a2200157 i 4500 | ||
|---|---|---|---|
| 001 | 68148 | ||
| 003 | ES-MaACL | ||
| 005 | 20230906170219.0 | ||
| 007 | t| | ||
| 008 | 040610q1920 sp ||||1| spa d | ||
| 100 | 1 |
_aGarau, Miguel. _953927 |
|
| 245 | 1 | 0 |
_aRevisión de los principios económicos _b: recopilación de varios artículos publicados / _cpor Miguel Garau. |
| 260 |
_aTenerife : _b[s.n., _c1920?] ( _fTip. Mivaria) |
||
| 300 |
_a62 p. ; _c21 cm. |
||
| 852 |
_aES-MaACL _j1798-F-4 |
||
| 999 |
_c68148 _d68148 |
||